000
00319nam a2200145Ia 4500
100
_a
Sampling & Recon
942
_c
BK
654
_a
Manual ST 2101
245
_a
Manual - ST 2101 OM Science technology
260
_b
Scientific Sales
082
_a
621.381536
300
_a
22
546
_a
ENGLISH
999
_c
29613
_d
29613